| 000 | 00596nam a22001577a 4500 | ||
|---|---|---|---|
| 003 | OSt | ||
| 005 | 20150909152528.0 | ||
| 008 | 150909b xxu||||| |||| 00| 0 eng d | ||
| 040 | _cRUA | ||
| 082 | _aAGR សៅ 1994 B009 Or.1 | ||
| 100 |
_9185 _aសៅ ចេស្ដា |
||
| 245 | _aលក្ខខ័ណ្ឌផលិតកម្មដំណាំស្វាយចន្ជី ស្រុកបាភ្នំខេត្តព្រែវែង និងលទ្ធភាពលក់ផលិតផល | ||
| 260 |
_aPhnom Penh _bRUA _c1994 |
||
| 300 |
_a54p. _bill. _c29cm. |
||
| 942 |
_2ddc _cAGR |
||
| 999 |
_c165 _d165 |
||